000 00630cam a2200205 4500
001 sa 68016304
003 DLC
005 20260227112653.0
008 700709s1959 io 00000 eng
010 _asa 68016304 //r85
025 _aPL480:Indo-4576
050 0 _aJQ63 1959
_b.S8
100 1 0 _aSoekarno,
_d1901-1970.
245 0 0 _aLet us return to the 1945 Constitution.
260 0 _a[Djakarta]
_bMinistry of Information, Republic of Indonesia
_c[1959]
300 _a51 p.
_c21 cm.
500 _a"Special issue, 38."
651 0 _aIndonesia
_xPolitics and government
_y1950-1966.
710 1 0 _aIndonesia.
_kConstitution, 1959.
999 _c87012
_d87012